| Tag |
First Indicator |
Second Indicator |
Subfields |
| LEADER |
00000cam a2200000 a 4500 |
| 001 |
in00002642021 |
| 005 |
20151202091730.0 |
| 008 |
100722s2010 sz a b i000 0 eng d |
| 010 |
|
|
|a 2010327636
|
| 020 |
|
|
|a 9789221233343 (ILO)
|
| 020 |
|
|
|a 9221233340 (ILO)
|
| 020 |
|
|
|a 9788171888399 (Academic Foundation)
|
| 020 |
|
|
|a 8171888399 (Academic Foundation)
|
| 035 |
|
|
|a (OCoLC)ocn649705189
|
| 040 |
|
|
|a IL#
|c IL#
|d YDX
|d NOC
|d GUL
|d BWX
|d TXA
|d UtOrBLW
|
| 043 |
|
|
|a d------
|
| 049 |
|
|
|a TXAM
|
| 082 |
0 |
|
|a 338.542091724
|2 22
|
| 090 |
|
|
|a HB3722
|b .J36 2010
|
| 100 |
1 |
|
|a Jansen, Marion.
|
| 245 |
1 |
0 |
|a Trade and employment in the global crisis /
|c Marion Jansen, Erik von Uexkull.
|
| 246 |
1 |
4 |
|a Trade & employment in the global crisis
|
| 264 |
|
1 |
|a Geneva :
|b International Labour Office ;
|a New Delhi :
|b Academic Foundation,
|c 2010.
|
| 300 |
|
|
|a 174 pages :
|b illustrations ;
|c 23 cm.
|
| 336 |
|
|
|a text
|b txt
|2 rdacontent
|
| 337 |
|
|
|a unmediated
|b n
|2 rdamedia
|
| 338 |
|
|
|a volume
|b nc
|2 rdacarrier
|
| 504 |
|
|
|a Includes bibliographical references (pages [169]-174).
|
| 505 |
0 |
|
|a Introduction -- Trade flows and labour markets during the crisis: what global data tells us -- The impact of the crisis at the country level and trade as a transmission channel -- Policy responses -- Conclusions.
|
| 650 |
|
0 |
|a Financial crises
|z Developing countries.
|
| 650 |
|
0 |
|a Unemployment
|z Developing countries.
|
| 651 |
|
0 |
|a Developing countries
|x Commerce.
|
| 650 |
|
0 |
|a Recessions
|z Developing countries.
|
| 700 |
1 |
|
|a Uexküll, Erik von.
|
| 710 |
2 |
|
|a International Labour Office.
|
| 710 |
2 |
|
|a Academic Foundation (New Delhi, India)
|
| 945 |
|
|
|a PromptCat
|
| 948 |
|
|
|a cataloged
|b h
|c 2010/9/24
|d c
|e dmitchel
|f 2:20:20 pm
|
| 994 |
|
|
|a C0
|b TXA
|
| 999 |
|
|
|a MARS
|
| 999 |
f |
f |
|s 5662aafb-93d9-3399-9e23-0c326486fafb
|i dfd44e29-f41f-3c57-8c59-c65176187d08
|t 0
|
| 952 |
f |
f |
|p ric
|a Texas A&M University
|b Rellis Campus
|c Joint Library Facility
|d Remote Storage
|t 0
|e HB3722 .J36 2010
|h Library of Congress classification
|i unmediated -- volume
|m A14839721583
|
| 998 |
f |
f |
|a HB3722 .J36 2010
|t 0
|l Remote Storage
|